000 00450pab a2200157 454500
008 180718b1987 xxu||||| |||| 00| 0 eng d
100 _aNelson, Arthur C.
245 _aA theoretical and empirical argument for centralized regional sewer planning
260 _c1987
300 _a479-86
362 _aAutumn
650 _aRegional Planning
700 _aGerrit J. Knaap
773 _aJournal of the American Planning Association
909 _a17101
999 _c17101
_d17101